NFL QB's with 4000+ Yard Passing Seasons Since 2010 - Statistics

General Stats
  • This quiz has been taken 142 times
  • The average score is 138 of 149
Answer Stats
Team Year Yards Answer % Correct
Bengals 2024 4,918 Joe Burrow
100%
Bengals 2022 4,475 Joe Burrow
100%
Bengals 2021 4,611 Joe Burrow
100%
Chiefs 2017 4,042 Alex Smith
98%
Buccaneers 2024 4,500 Baker Mayfield
98%
Buccaneers 2023 4,044 Baker Mayfield
98%
Texans 2023 4,108 CJ Stroud
98%
Cowboys 2023 4,516 Dak Prescott
98%
Cowboys 2021 4,449 Dak Prescott
98%
Cowboys 2019 4,902 Dak Prescott
98%
Seahawks 2024 4,320 Geno Smith
98%
Seahawks 2022 4,282 Geno Smith
98%
Lions 2024 4,629 Jared Goff
98%
Lions 2023 4,575 Jared Goff
98%
Lions 2022 4,438 Jared Goff
98%
Rams 2019 4,638 Jared Goff
98%
Rams 2018 4,688 Jared Goff
98%
Packers 2023 4,159 Jordan Love
98%
Bills 2023 4,306 Josh Allen
98%
Bills 2022 4,283 Josh Allen
98%
Bills 2021 4,507 Josh Allen
98%
Bills 2020 4,544 Josh Allen
98%
Ravens 2024 4,172 Lamar Jackson
98%
Rams 2021 4,886 Matthew Stafford
98%
Lions 2020 4,084 Matthew Stafford
98%
Lions 2017 4,446 Matthew Stafford
98%
Lions 2016 4,327 Matthew Stafford
98%
Lions 2015 4,262 Matthew Stafford
98%
Lions 2014 4,257 Matthew Stafford
98%
Lions 2013 4,650 Matthew Stafford
98%
Lions 2012 4,967 Matthew Stafford
98%
Lions 2011 5,038 Matthew Stafford
98%
Chiefs 2023 4,183 Patrick Mahomes
98%
Chiefs 2022 5,250 Patrick Mahomes
98%
Chiefs 2021 4,839 Patrick Mahomes
98%
Chiefs 2020 4,740 Patrick Mahomes
98%
Chiefs 2019 4,031 Patrick Mahomes
98%
Chiefs 2018 5,097 Patrick Mahomes
98%
Buccaneers 2022 4,694 Tom Brady
98%
Buccaneers 2021 5,316 Tom Brady
98%
Buccaneers 2020 4,633 Tom Brady
98%
Patriots 2019 4,057 Tom Brady
98%
Patriots 2018 4,355 Tom Brady
98%
Patriots 2017 4,577 Tom Brady
98%
Patriots 2015 4,770 Tom Brady
98%
Patriots 2014 4,109 Tom Brady
98%
Patriots 2013 4,343 Tom Brady
98%
Patriots 2012 4,827 Tom Brady
98%
Patriots 2011 5,235 Tom Brady
98%
Dolphins 2023 4,624 Tua Tagovailoa
98%
Packers 2021 4,115 Aaron Rodgers
97%
Packers 2020 4,299 Aaron Rodgers
97%
Packers 2019 4,002 Aaron Rodgers
97%
Packers 2018 4,442 Aaron Rodgers
97%
Packers 2016 4,428 Aaron Rodgers
97%
Packers 2014 4,381 Aaron Rodgers
97%
Packers 2012 4,295 Aaron Rodgers
97%
Packers 2011 4,643 Aaron Rodgers
97%
49ers 2023 4,280 Brock Purdy
97%
Vikings 2024 4,319 Sam Darnold
97%
Jaguars 2023 4,016 Trevor Lawrence
97%
Jaguars 2022 4,113 Trevor Lawrence
97%
Raiders 2021 4,804 Derek Carr
95%
Raiders 2020 4,103 Derek Carr
95%
Raiders 2019 4,054 Derek Carr
95%
Raiders 2018 4,049 Derek Carr
95%
Saints 2017 4,334 Drew Brees
95%
Saints 2016 5,208 Drew Brees
95%
Saints 2015 4,870 Drew Brees
95%
Saints 2014 4,952 Drew Brees
95%
Saints 2013 5,162 Drew Brees
95%
Saints 2012 5,177 Drew Brees
95%
Saints 2011 5,476 Drew Brees
95%
Saints 2010 4,620 Drew Brees
95%
Chargers 2022 4,739 Justin Herbert
95%
Chargers 2021 5,014 Justin Herbert
95%
Chargers 2020 4,336 Justin Herbert
95%
Chargers 2019 4,615 Justin Herbert
95%
Steelers 2018 5,129 Ben Roethlisberger
94%
Steelers 2017 4,251 Ben Roethlisberger
94%
Steelers 2014 4,952 Ben Roethlisberger
94%
Steelers 2013 4,261 Ben Roethlisberger
94%
Steelers 2011 4,077 Ben Roethlisberger
94%
Giants 2018 4,299 Eli Manning
94%
Giants 2016 4,027 Eli Manning
94%
Giants 2015 4,426 Eli Manning
94%
Giants 2014 4,410 Eli Manning
94%
Giants 2011 4,933 Eli Manning
94%
Giants 2010 4,002 Eli Manning
94%
Vikings 2022 4,547 Kirk Cousins
94%
Vikings 2021 4,221 Kirk Cousins
94%
Vikings 2020 4,265 KIrk Cousins
94%
Vikings 2018 4,298 Kirk Cousins
94%
Redskins 2017 4,093 Kirk Cousins
94%
Redskins 2016 4,917 Kirk Cousins
94%
Redskins 2015 4,166 Kirk Cousins
94%
Falcons 2020 4,581 Matt Ryan
94%
Falcons 2019 4,466 Matt Ryan
94%
Falcons 2018 4,929 Matt Ryan
94%
Falcons 2017 4,095 Matt Ryan
94%
Falcons 2016 4,944 Matt Ryan
94%
Falcons 2015 4,591 Matt Ryan
94%
Falcons 2014 4,694 Matt Ryan
94%
Falcons 2013 4.515 Matt Ryan
94%
Falcons 2012 4,719 Matt Ryan
94%
Falcons 2011 4,177 Matt Ryan
94%
Broncos 2014 4,727 Peyton Manning
94%
Broncos 2013 5,477 Peyton Manning
94%
Broncos 2012 4,659 Peyton Manning
94%
Colts 2010 4,700 Peyton Manning
94%
Seahawks 2020 4,212 Russell Wilson
94%
Seahawks 2019 4,110 Russell Wilson
94%
Seahawks 2016 4,219 Russell Wilson
94%
Seahawks 2015 4,024 Russell Wilson
94%
Colts 2020 4,169 Phillip Rivers
91%
Chargers 2018 4,308 Phillip Rivers
91%
Chargers 2017 4,515 Phillip Rivers
91%
Chargers 2016 4,386 Phillip Rivers
91%
Chargers 2015 4,792 Phillip Rivers
91%
Chargers 2014 4,286 Phillip Rivers
91%
Chargers 2013 4,477 Phillip Rivers
91%
Chargers 2011 4,624 Phillip Rivers
91%
Chargers 2010 4,710 Phillip Rivers
91%
Buccaneers 2019 5,109 Jameis Winston
88%
Buccaneers 2016 4,090 Jameis Winston
88%
Buccaneers 2015 4,042 Jameis Winston
88%
Eagles 2019 4,039 Carson Wentz
86%
Texans 2020 4,823 Deshaun Watson
86%
Texans 2018 4,165 Deshaun Watson
86%
Ravens 2016 4,317 Joe Flacco
86%
Panthers 2011 4,051 Cam Newton
83%
Cowboys 2012 4,903 Tony Romo
83%
Cowboys 2011 4,184 Tony Romo
83%
Bengals 2016 4,206 Andy Dalton
81%
Bengals 2013 4,293 Andy Dalton
81%
Colts 2018 4,593 Andrew Luck
80%
Colts 2016 4,240 Andrew Luck
80%
Colts 2014 4,761 Andrew Luck
80%
Colts 2012 4,374 Andrew Luck
80%
Cardinals 2016 4,233 Carson Palmer
78%
Cardinals 2015 4,671 Carson Palmer
78%
Cardinals 2013 4,274 Carson Palmer
78%
Raiders 2012 4,018 Carson Palmer
78%
Dolphins 2015 4,208 Ryan Tannehill
70%
Dolphins 2014 4,045 Ryan Tannehill
70%
Jaguars 2015 4,428 Blake Bortles
69%
Texans 2012 4,008 Matt Schaub
50%
Texans 2010 4,370 Matt Schaub
50%
Buccaneers 2012 4,065 Josh Freeman
20%
No matching quizzes found
Score Distribution
Percent of People with Each Score
Percentile by Number Answered
Your Score History
You have not taken this quiz